| 000 | 00525nam a2200181Ia 4500 | ||
|---|---|---|---|
| 003 | IN-BaIIA | ||
| 008 | 211028s9999 xx 000 0 eng d | ||
| 020 | _a9971-51-170-3 | ||
| 040 | _cIIA Library | ||
| 080 |
_a621.39 _bHAY |
||
| 100 |
_aHaykin, S _915573 |
||
| 245 | 0 |
_aCommunication systems _cS. Haykin |
|
| 250 | _a3rd ed. | ||
| 260 |
_aSingapore _bJohn Wiley & Sons _c1995 |
||
| 300 | _axvi, 872p. | ||
| 650 |
_aTelecommunication, Signal theory _921015 |
||
| 942 | _cBK | ||
| 999 |
_c12072 _d12072 |
||